| 000 | 00760nam a2200229Ia 4500 | ||
|---|---|---|---|
| 005 | 20220524125200.0 | ||
| 008 | 140110s9999 xx 000 0 und d | ||
| 020 |
_a9780415204071 _c795.00 |
||
| 040 | _aLoreto College | ||
| 041 | _aEnglish | ||
| 082 |
_a801.95 _bCOU |
||
| 245 | 4 |
_aThe green studies reader _bFrom romanticism to ecocriticism _cEdited by Laurence Coupe;with a foreword by Jonathan Bate |
|
| 260 |
_aOxon _bRoutledge _c2000 |
||
| 300 | _axvii,315p. | ||
| 504 | _aIncludes bibliographical references,glossary and index | ||
| 630 | _aEnvironmental protection in literature | ||
| 650 | _aEcology in literature | ||
| 651 | _aEnglish literature-History and criticism | ||
| 700 |
_aCoupe,Laurence _4ed. |
||
| 850 |
_aLCLIB _bPG |
||
| 942 | _cBK | ||
| 999 |
_c38540 _d89019 |
||